00513nam a2200217Ia 4500003000900000005001700009008004100026040001300067040001300080041000900093100001400102100001000116245009800126250000900224260001500233260000900248300001000257490000600267700001300273700000900286IT-RoPAU20220918175250.0120407s9999 xx 000 0 und d aIT-RoPAU cIT-RoPAU alat  aAbellàn cp. m. aDe principiis, de virtutibus et preceptis. 2 voll. Notae ad praelectiones theologiae moralis. aRoma aGregoriana c1948 c22 cm v2 a F. Hurt cs.j.